La Jornada de la dicha: Novela

Saved in:
Bibliografiske detaljer
Hovedforfatter: Hurtado Borne, René (Author)
Format: Bog
Sprog:spansk
Udgivet: Santiago Imprenta y encuadernación La Ilustración 1912
Udgivelse:1a. ed
Fag:
Tags: Tilføj Tag
Ingen Tags, Vær først til at tagge denne postø!

MARC

LEADER 00000nam a2200000 a 4500
001 UCJ3380
003 CL-VaPUC
008 070124e19120000CL |||||||||||||||||spa|d
082 0 4 |a Ch863  |b HUR  |2 21 
100 0 |a Hurtado Borne, René  |e author  |9 505169 
245 1 3 |a La Jornada de la dicha: Novela 
250 |a 1a. ed 
300 |a 499 p 
942 |c BK 
945 |d 20070124 00:00:00  |a rinostro 
260 |a Santiago  |b Imprenta y encuadernación La Ilustración  |c 1912 
650 0 |a Novela chilena   |9 307631 
583 |a last modification  |c 20070124 00:00:00  |k Rodrigo Vera 
999 |c 319502  |d 319500 
952 |0 0  |1 0  |4 0  |6 CH_863_000000000000000_HUR_1912  |7 0  |8 X  |9 397835  |a FDOBUD  |b FDOBUD  |d 2019-11-22  |i 100235K  |o Ch863 HUR 1912  |p 100235K  |r 2019-11-22  |w 2019-11-22  |y BK_X  |k BUD